Kvačianska dolina Jedna z najkrajších vápencových dolín na Slovensku

Bibliographic Details
Main Author: (vb) (Author)
Format: Article
Language:Slovak
PhysicalDescription:Obr. 1.
Subjects:

MARC

LEADER 00000nab a2200000 a 4500
001 vtls000357816
003 SK-MaSNL
005 20260302223626.0
008 111201c1989 xo 0 slo
015 |a SNBRB19rr/mm-uuuuu 
035 |a CL0357938 
040 |a SNKBUCL  |b slo  |c SNKBUCL  |e AACR2 
041 0 |a slo 
044 |a xo  |c SK 
080 |a 908.437.647:796.51  |2 1981 
080 |a 796.51  |2 1981 
100 1 |a (vb)  |4 aut  |9 845326 
245 1 0 |a Kvačianska dolina  |b Jedna z najkrajších vápencových dolín na Slovensku  |c (vb) 
300 |b Obr. 1. 
651 7 |a Kvačianska dolina (Slovensko)  |2 snkbucl  |9 74609 
655 7 |a články z novín a časopisov  |2 snkbucl  |9 267496 
773 0 |t Smer  |g Roč. 41, č. 140 (16. 6. 1989), s. 12 
850 |a Slovenská národná knižnica v Martine  |a MTA001 
852 |a SNK  |b KIS3GCP 
958 |a RK 
992 |a RBX 
999 |c 1521111  |d 1523041